Piłkarski Poker #1 - Statystyki

Ogólne statystyki
  • Ten quiz został rozwiązany 17 razy
  • Średni wynik to 5 z 10
Statystyki odpowiedzi
Zagadnienie Odpowiedź % Poprawnych
Jak ma na imię działacz starej daty w Powiślu? Bronek
75%
Jak nazywał się najlepszy strzelec Powiśla? Dykta
75%
Kto sędziował pierwszy mecz Powiśla z Kokonem ? Jaskóła
75%
W jaki sposób Olek Grom stracił nogę ? pod tramwajem
75%
Ile lat ma Laguna? 48
50%
Jaki samochód oferował przezes Czarnych Gromowi za przejście do Zabrza? FSO Polonez
50%
Który prawdziwy trener zasiadł na trybunach na meczu Powiśla z Czarnymi? Kazimierz Górski
50%
Jakim wynikiem zakończył się mecz Powiśle - Czarni? 0:3
25%
Kto zaproponował posadę Lagunie w swoim klubie? Prezes Mutry
25%
Proporczyk jakiej drużyny wisiał w domu Kmity? Stade Rennais FC
0%
Nie znaleziono quizów pasujących do podanych kryteriów
Rozkład punktacji
Procent ludzi z każdym wynikiem
Percentyl według liczby udzielonych odpowiedzi
Twoja historia wyników
Nie rozwiązałeś tego quizu